| 000 | 01220cam a2200337 4500 | ||
|---|---|---|---|
| 001 | ABS65904 | ||
| 008 | 020924n2002 000 0 eng u | ||
| 035 | _a(Sirsi) u119801 | ||
| 100 | _aLangley, R | ||
| 245 | _aLatent defects | ||
| 260 | _c2002 | ||
| 490 |
_aCost Engineer _v40(3) July 2002, 14-15(2) |
||
| 520 | _aOffers advice about the degree of liability that a contractor, or consultant, owes to its' employer for defects in a project that are either latent or patent. Suggests definitions, exclusions, extent, claims in contract law, claims in law of tort and practical advice. | ||
| 590 | _aABS | ||
| 650 | _aLATENT DEFECTS | ||
| 650 | _aPATENT DEFECTS | ||
| 650 | _aTORT | ||
| 650 | _aCONTRACT LAW | ||
| 650 | _aCONTRACTORS | ||
| 650 | _aCONSULTANTS | ||
| 650 | _aLIABILITY | ||
| 650 | _aBAXALL SECURITIES LTD AND ANOTHER V SHEARD WALSHAW PARTNERSHIP | ||
| 650 | _aLATENT DAMAGE ACT 1986 | ||
| 650 | _aYOUNG & MARTEN LTD V MCMANUS CHILDS LTD | ||
| 650 | _aSLATER V FINING LTD | ||
| 650 | _aBROCKLESBY V ARMITAGE & GUEST | ||
| 650 | _aMARTIN WILLIAM CAVE V ROBINSON JARVIS & ROLF | ||
| 650 | _aLIMITATION ACT 1980 | ||
| 690 | _aBUILT ENVIRONMENT-BUILDING PATHOLOGY | ||
| 942 | _n0 | ||
| 999 |
_c71198 _d71198 |
||